Derecho público financiero

Uloženo v:
Podrobná bibliografie
Hlavní autor: Pallavicini Magnère, Julio (autor)
Médium: Kniha
Jazyk:španělština
Vydáno: Santiago Legal Publishing 2015
Vydání:1a. ed
Edice:Colección Tratados y Manualesl
Témata:
Tagy: Přidat tag
Žádné tagy, Buďte první, kdo vytvoří štítek k tomuto záznamu!

MARC

LEADER 00000cam a2200000 a 4500
001 UCE8128
003 CL-VaPUC
008 150728e20150000cl |||||||||||||||||spa|d
020 |a 9789563466829 
082 0 4 |a 343.04  |b PAL  |2 21 
100 |a Pallavicini Magnère, Julio  |e autor  |9 580863 
245 1 0 |a Derecho público financiero 
250 |a 1a. ed 
300 |a 602 p 
942 |c BK 
945 |d 20150728 02:04:00  |a dcastane 
260 |a Santiago  |b Legal Publishing  |c 2015 
650 7 |a DERECHO FINANCIERO  |2 CL-VaPUC  |9 352905 
650 0 |a Derecho tributario  |9 258895 
583 |a last modification  |c 20150728 02:04:00  |k Rodrigo Vera 
490 0 |a Colección Tratados y Manualesl 
999 |c 360078  |d 360076 
952 |0 0  |1 0  |3 erb  |4 0  |6 343_040000000000000_PAL_2015  |7 0  |8 A  |9 469716  |a BIBDER  |b BIBDER  |i 5191157  |l 2  |m 1  |o 343.04 PAL 2015  |p 5191157  |q 2025-12-31  |r 2025-03-18  |s 2025-03-18  |w 2019-11-23  |y BK  |z Catalogado en:20150728  |k DER